000 00635nam a2200229Ia 4500
003 OSt
005 20220928143535.0
006 a|||||r|||| 00| 0
007 ta
008 220927b |||||||| |||| 00| 0 eng d
024 _a22472
037 _cTextual
040 _aSDCL
_cSDCL
_beng
041 _2eng
_aeng
082 _aC216,8, L2
100 _aGlusker Jenny Pickworth
_9505681
245 0 _aCrystial structure analysis
_b A primer.
260 _c1972
700 _a Trueblood Kenneth N
_9505682
942 _hC216,8, L2
_cTEXL
_2CC
999 _c824465
_d824465